Régions d'Italie - Statistiques

Statistiques générales
  • Ce quiz a été pris 66 fois
  • Le résultat moyen est 12 sur 20
Statistiques - réponses
Capitale Région % Correct
Milan Lombardie
94%
Palerme Sicile
94%
Cagliari Sardaigne
90%
Bari Pouilles
80%
Aoste Vallée d'Aoste
78%
Venise Vénétie
76%
Turin Piémont
74%
Florence Toscane
74%
Rome Latium
68%
Bologne Émilie-Romagne
66%
Gênes Ligurie
60%
Neapel Campanie
54%
Catanzaro Calabre
52%
Trente Trentin-Haut-Adige
48%
L'Aquila Abruzzes
46%
Potenza Basilicate
40%
Ancône Marches
38%
Pérouse Ombrie
38%
Campobasso Molise
32%
Trieste Frioul-Vénétie Julienne
30%
Aucun quiz correspondant
Distribution des résultats
% des personnes avec chaque résultat
Percentile par nombre de réponses
Votre historique - résultats
Vous n’avez pas pris ce quiz